00582nam a2200193Ia 450000500170000000800410001702000270005804000190008504100120010408200180011610000190013424500540015326000350020730000160024250400190025865000220027765100770029985000120037620240219100143.0131103s9999 xx 000 0 und d aSBN 33390022 7cRs. 55 aLoreto College aEnglish a572.954 bFUC aFuchs, Stephen 4aThe Aboriginal Tribes of India, cStephen Fuchs aDelhibMacmillan Companyc1973 avi, 307 p.  aIncludes index aAboriginal tribes aCulture and institutions - Indigenous racial, ethnic and national groups aLCLIB